00578nam a2200133 a 450000100100000000500170001000800410002704000250006808200140009324501220010726001580022930000200038750000370040700004766120201002060649.0180716s2017 dr 000 0 spa d aDO-SdBNPbspacBNPHU axxxbxxxx00aSueños postergados :bla lucha de las personsa dominicanas de ascendencia haitiana por recuperar su nacionalidad /. aSanto Domingo :bRobert F. Kennedy human rightsbAmerican jewish wold servicebCentro de desarrollo sosteniblebThe United nations democracy fund,c2017. a64 p. ;c29 cm. aIncluye notas a pie de páginas